000 01035nam a2200313Ia 4500
001 Para_9653
003 CHAP
008 220125s9999 xx 000 0 und d
010 _a208329
040 _cCHAP
090 _aPA TESIS 2274
100 _aRobledo Esqueda Martha Nayeli
_998035
245 _aInducción de defensa en Papa (Solanum tuberosum L.) por fungicidas no específicos contra el oomiceto Phytophthora infestans (Mont.) de Bary /
_c Martha Nayeli Robledo Esqueda
260 _aChapingo, Méx. :
_b el autor, 2009
300 _a87 h.
520 _aTesis (
650 _aFungicidas
_944044
650 _aMetabolitos
_975157
650 _aPapa
_x enfermedades por nematodo
_9174650
650 _aPapa
_xvariedades resistentes a enfermedades
_985301
710 _aUACh. Departamento Parasitología Agrícola
_9164025
901 _aPA TESIS 2274
902 _aA
905 _a520220 8000000000 00
910 _a
942 _cPARA
942 _cPARA
_d2
999 _c208329
_d208329